| 000 | 00822nam a2200265Ia 4500 | ||
|---|---|---|---|
| 003 | OSt | ||
| 005 | 20220918180810.0 | ||
| 006 | a|||||r|||| 00| 0 | ||
| 007 | ta | ||
| 008 | 220917b |||||||| |||| 00| 0 eng d | ||
| 024 | _a24,223 | ||
| 037 | _cTextual | ||
| 040 |
_aARTS _cARTS _beng |
||
| 041 |
_2eng _aeng |
||
| 082 | _aO111,1J72:g, M6 | ||
| 100 |
_aSummers Claude J ed _957145 |
||
| 245 | 0 |
_aEagle and the Dove _b reassessing John Donne |
|
| 260 |
_aCambridge _bUniv of Missouri Press _c1986 |
||
| 300 |
_a220p. _ccm. |
||
| 490 | _aEssay in seventeenth century literature; 1 | ||
| 650 |
_aDONNE, JOHN; ENGLISH LITERATURE _957146 |
||
| 700 |
_a Febworth Tad-Larry ed _957147 |
||
| 942 |
_hO111,1J72:g, M6 _cTEXL _2CC |
||
| 999 |
_c163197 _d163197 |
||